000 00671nam a2200241Ia 4500
003 OSt
005 20221005050139.0
006 a|||||r|||| 00| 0
007 ta
008 221004b |||||||| |||| 00| 0 ben d
024 _a22737
037 _bGift, 09/10/2015,
_cTextual
040 _aCRL
_cCRL
_bben
041 _2ben
_aben
082 _aO157,3NSE2,DI, [M0]
100 _aSen Chiranjiv
_9593975
245 0 _aDipfrij
260 _aKolkatta
_bPrakash Bhawan India
_c1980
300 _a148p.
_ccm.
650 _aBENGALI LITERATURE
942 _hO157,3NSE2,DI, [M0]
_cTEXL
_2cc
999 _c956433
_d956433